Klastrové politiky a jejich vliv na rozvoj klastrů a klastrových organizací
Gespeichert in:
| 1. Verfasser: | |
|---|---|
| Format: | Buch |
| Sprache: | Tschechisch Englisch |
| Veröffentlicht: |
Praha
Linde Praha
2013
|
| Schlagworte: | |
| Tags: |
Keine Tags, Fügen Sie das erste Tag hinzu!
|
MARC
| LEADER | 00000nam a2200000 4500 | ||
|---|---|---|---|
| 001 | 0213040 | ||
| 005 | 20240313085936.7 | ||
| 020 | |a 978-80-7201-923-6 | ||
| 041 | 0 | |a cze | |
| 041 | 0 | |a eng | |
| 044 | |a CZ | ||
| 245 | 1 | 0 | |a Klastrové politiky a jejich vliv na rozvoj klastrů a klastrových organizací |c Drahomíra Pavelková a kol. |
| 264 | 1 | |a Praha |b Linde Praha |c 2013 | |
| 300 | |a 231 s. | ||
| 610 | 2 | 0 | |a klaster |
| 610 | 2 | 0 | |a politika |
| 610 | 2 | 0 | |a koncepcie |
| 610 | 2 | 0 | |a konkurencieschopnosť |
| 610 | 2 | 0 | |a organizácia |
| 610 | 2 | 0 | |a riadenie |
| 610 | 2 | 0 | |a analýza komparatívna |
| 610 | 2 | 0 | |a porovnanie medzinárodné |
| 610 | 2 | 0 | |a výkonnosť |
| 610 | 2 | 0 | |a internacionalizácia |
| 610 | 2 | 0 | |a prognózy |
| 610 | 2 | 0 | |a Česko |
| 100 | 1 | |a Pavelková, Drahomíra | |